000 01014nas a2200337 4500
001 BR0401429
003 BR-BrBNA
005 20231205104418.0
007 ta
008 230509b bl.|||p| |||| 00| 00por d
040 _aBR-BrBNA
_bpor
_cBiblioteca Nacional de Agricultura
041 _a(Pt)
072 _aF30; K50
100 1 _aSantos, P.E.T. dos
100 1 _aGeraldi, I.O.
100 1 _aGarcia, J.N.
245 1 _aEstimativas de parâmetros genéticos de propriedades físicas e mecânicas da madeira em Eucalyptus grandis
650 _aEUCALIPTO
650 _aESTIMATIVA
650 _aPARÂMETRO GENÉTICO
650 _aPROPRIEDADE FÍSICO-QUÍMICA
650 _aPROPRIEDADE MECÂNICA
650 _aPROGÊNIE
650 _aTORA
650 _aSECAGEM
650 _aSILVICULTURA
650 _aVARIAÇÃO GENÉTICA
773 0 _tScientia Forestalis (Brazil)
_xISSN 1413-9324
_g(Jun 2003), (no. 63) p. 54-64
_wBR0401429
909 _a202311
_bLúcia
_c55
_dLúcia Elande
942 _2AGRIS
_n0
_cANA
999 _c178008
_d178008